Представление документа в формате RUSMARC

ПолеНазваниеЗначение
  Тип записи a
  Библиографический уровень m
001 Контрольный номер 4732ad91a7ca4240a8507b0a558b9b6c
005 Дата корректировки 20260122094042.6
010 Индекс ISBN __
a ISBN 978-5-04-161776-9
d Цена 637-67
100 Данные общей обработки __
a Данные общей обработки 20260120d2023####am#y0rusy50######ca
101 Язык документа 0_
a Язык текста rus
102 Страна публикации __
a Страна публикации RU
200 Заглавие и сведения об ответственности 1_
a Заглавие Позитивный тайм-менеджмент для супругов
e Сведения, относящиеся к заглавию как успевать жить, работать и любить
f Первые сведения об ответственности Мария Хайнц, Мария Кривощапова-Демина
210 Выходные данные 1_
a Место издания Москва
c Издательство Бомбора
d Дата издания 2023
215 Физическое описание __
a Объем 197, [11] c.
225 Серия (Журнальная рубрика) 2_
a Серия (Журнальная рубрика) Практика позитивной психологии
320 Библиография __
a Библиография Библиография в подстрочных примечаниях
320 Библиография __
a Библиография Приложение: с. 196-198
320 Библиография __
a Библиография Об авторах: с. 199-200
320 Библиография __
a Библиография Другие книги издательства: с. 201-207
330 Аннотация __
a Аннотация Авторы - эксперты в области психологии отношений и позитивной психологии расскажут об инструментах, которые помогут восстановить и сохранить отношения в семейной паре.
333 Примечание о целевом назначении __
a Примечание о целевом назначении 16+
606 Тематические рубрики __
a Основная рубрика Психология
606 Тематические рубрики __
a Основная рубрика Психология социальных институтов
610 Ключевые слова 0_
a Ключевые слова тайм-менеджмент
a Ключевые слова тайм-менеджмент для супругов
a Ключевые слова супруги
a Ключевые слова благодарности (психология)
a Ключевые слова любовь (психология)
a Ключевые слова положительные эмоции
a Ключевые слова позитивные эмоции
a Ключевые слова эмоции
a Ключевые слова чувства
a Ключевые слова стресс
a Ключевые слова конфликты
a Ключевые слова домашние дела (психология)
a Ключевые слова самореализация
a Ключевые слова время (психология)
a Ключевые слова цели (психология)
a Ключевые слова мечты
a Ключевые слова достижения
686 Индексы других классификаций __
a Индекс ББК 88.57
700 Автор _1
a Фамилия Хайнц
b Имя М. С.
g Полное личное имя Мария Сергеевна
f Даты 1978-
4 Код отношения 070
701 Альтернативная интеллектуальная ответственность (другие авторы) _1
a Фамилия Кривощапова-Демина
b Имя М.
g Полное личное имя Мария
4 Код отношения 070
801 Источник записи _0
a Страна RU
b Организация Центральная районная библиотека им. Г. А. Пирожникова
c Дата составления 20260120
g Правила каталогизации bzbo
801 Источник записи _1
a Страна RU
b Организация Центральная районная библиотека им. Г. А. Пирожникова
c Дата составления 20260120
g Правила каталогизации bzbo
852 Данные о местонахождении __
i Авторский знак Х 159
j Шифр хранения 88.57
901 Тип документа __
t Тип документа m
902 Роль лиц __
a Создатель БЗ ОКиО/Колмакова